000 00284nam a2200121Ia 4500
008 231129s9999||||xx |||||||||||||| ||spa||
040 _bspa
082 _a923.1 C421ó
100 _aOppermann Hans
245 0 _aJulio César
264 _a[s.l.] : Ediciones Folio
942 _2ddc
_cBKS
999 _c16276
_d16276